Satan

Podrobná bibliografia
Hlavný autor: Beneš, Pavel (Autor)
Médium: Článok
Jazyk:slovenčina
Fyzický popis:Fotogr. 5
ISSN:0862-8130
Predmet:

MARC

LEADER 00000nab a2200000 a 4500
001 vtls000550538
003 SK-MaSNL
005 20260304000534.0
008 120929c1995 xo 0 slo
015 |a SNBRB19rr/mm-uuuuu 
035 |a CL0550676 
040 |a SNKBUCL  |b slo  |c SNKBUCL  |e AACR2 
041 0 |a slo 
044 |a xo  |c SK 
080 |a 791.43.049  |2 1981 
080 |a 791.43-9  |2 1981 
100 1 |a Beneš, Pavel  |4 aut  |9 285955 
245 1 0 |a Satan  |c Pavel Beneš 
300 |b Fotogr. 5 
650 0 7 |a filmové horory  |2 snkbucl  |9 27768 
655 7 |a články z novín a časopisov  |2 snkbucl  |9 267496 
773 0 |t Film Fan SAT  |g Č. 53 (1995), s. 52-53  |x 0862-8130 
850 |a Slovenská národná knižnica v Martine  |a MTA001 
852 |a SNK  |b KIS3GCP 
992 |a RBX 
999 |c 2531731  |d 2533661